[Event "Skakligaen"]
[Site "Danmark"]
[Date "2019.03.17"]
[Round "9.8"]
[White "Hoffmann, Tobias Breinholt"]
[Black "Vasli, Aref"]
[Result "1/2-1/2"]
[WhiteElo "2056"]
[BlackElo "2357"]
[EventDate "2018.10.27"]
[EventType "team-tourn"]
[EventRounds "9"]
[EventCountry "Danmark"]
[WhiteTeam "Jetsmark"]
[BlackTeam "Bronshoj"]
[WhiteTeamCountry "DEN"]
[BlackTeamCountry "DEN"]
[WhiteFideId "1408569"]
[BlackFideId "417521"]

1. d4 Nf6 2. c4 e6 3. Nc3 c5 4. d5 exd5 5. cxd5 d6 6. Nf3 g6 7. Nd2 Bg7 8. Nc4 O-O 9. Bf4 Ne8 10. a4 Nd7 11. Bxd6 Nxd6 12. Nxd6 Qb6 13. Nc4 Qxb2 14. Nxb2 Bxc3+ 15. Qd2 Bxd2+ 16. Kxd2 Nf6 17. f3 Nxd5 18. e4 Nb4 19. a5 Rd8+ 20. Kc3 Be6 21. Be2 Rd4 22. Rhd1 Na2+ 23. Kc2 Rb4 24. Rd3 Rd4 25. Kb1 Rxd3 26. Bxd3 Nb4 27. Be2 Rd8 28. Kc1 Kf8 29. Ra3 Ke7 30. Na4 Kd6 31. f4 Kc6 32. Re3 Rd4 33. Nb2 b5 34. axb6 axb6 35. g4 Na2+ 36. Kc2 Nb4+ 37. Kc1 Na2+ 38. Kc2 Nb4+ 39. Kc1 f6 40. h4 Na2+ 41. Kc2 Nb4+ 42. Kc1 Kd6 43. f5 gxf5 44. exf5 Bf7 45. Ra3 Bd5 46. h5 h6 47. Ra7 Re4 48. Kd2 Re7 49. Rxe7 Kxe7 50. Na4 Kd6 51. Nxb6 Bf7 52. Bb5 Nc6 53. Ke3 Ne5 54. Be2 Bb3 55. Nc8+ Kd7 56. Na7 Ba4 57. Ke4 Bc6+ 58. Nxc6 Kxc6 59. g5 hxg5 60. h6 Nf7 61. h7 Kd6 62. Bc4 Nh8 63. Bb3 Ke7 64. Kd5 g4 65. Ke4 Kf8 66. Kf4 Kg7 67. Bg8 c4 68. Bxc4 Kxh7 69. Kxg4 Ng6 70. fxg6+ Kxg6  1/2-1/2

[Event "Skakligaen"]
[Site "Danmark"]
[Date "2019.03.17"]
[Round "9.1"]
[White "Teplyi, Igor"]
[Black "Hector, Jonny"]
[Result "1/2-1/2"]
[WhiteElo "2417"]
[BlackElo "2468"]
[EventDate "2018.10.27"]
[EventType "team-tourn"]
[EventRounds "9"]
[EventCountry "Danmark"]
[WhiteTeam "SK1968"]
[BlackTeam "Nordkalotten"]
[WhiteTeamCountry "DEN"]
[BlackTeamCountry "DEN"]
[WhiteFideId "1413767"]
[BlackFideId "1700090"]

1. Nf3 d5 2. e3 Nf6 3. c4 c6 4. Nc3 e6 5. b3 Bd6 6. Bb2 O-O 7. d4 Ne4 8. Qc2 f5 9. Bd3 Nd7 10. O-O Qf6 11. Ne2 g5 12. Ne1 Qh6 13. g3 Ndf6 14. f3 Bd7 15. Nc3 g4 16. fxe4 fxe4 17. Qe2 exd3 18. Nxd3 Qg7 19. e4 Nh5 20. e5 Be7 21. c5 Rf5 22. Rxf5 exf5 23. Bc1 Qf7 24. Be3 Ng7 25. Nf4 h5 26. b4 Ne6 27. Nxe6 Qxe6 28. Qd2 f4 29. Bxf4 Qg6 30. b5 Rf8 31. Rf1 Bf5 32. bxc6 bxc6 33. Qb2 Bd8 34. Bd2 h4 35. Ne2 Qh7 36. Qb3 Re8 37. Qe3 Bc8 38. Nc3 Be7 39. Qh6 Qxh6 40. Bxh6 Bd8 41. gxh4 Bxh4 42. Be3 Re7 43. Kg2 Ba6 44. Rf4 Bc8 45. Rf1 Ba6 46. Rf4 Bc8 47. Rf1  1/2-1/2

[Event "Skakligaen"]
[Site "Danmark"]
[Date "2019.03.17"]
[Round "9.7"]
[White "Hansen, Lars"]
[Black "Nielsen, Lars Aaes"]
[Result "1/2-1/2"]
[WhiteElo "2203"]
[BlackElo "2229"]
[EventDate "2018.10.27"]
[EventType "team-tourn"]
[EventRounds "9"]
[EventCountry "Danmark"]
[WhiteTeam "SK1968"]
[BlackTeam "Nordkalotten"]
[WhiteTeamCountry "DEN"]
[BlackTeamCountry "DEN"]
[WhiteFideId "1402528"]
[BlackFideId "1401726"]

1. d4 e6 2. e4 d5 3. exd5 exd5 4. Nf3 Nc6 5. Bd3 Bg4 6. c3 Nf6 7. O-O Be7 8. Nbd2 O-O 9. Qc2 Bh5 10. Ne5 Bg6 11. Nxg6 hxg6 12. f4 Bd6 13. Nf3 Ne7 14. Qf2 Nf5 15. Ne5 Qc8 16. Bd2 c6 17. Kh1 Bc7 18. Rae1 Nd6 19. Qh4 Nfe4 20. Bc1 Bd8 21. Qg4 Qxg4 22. Nxg4 f6 23. Ne3 b5 24. f5 g5 25. Nd1 Re8 26. Kg1 Bc7 27. Nf2 Kf7 28. Nxe4 Nxe4 29. Be2 Rh8 30. g3 Rae8 31. Bd3 Re7 32. Re3 Rhe8 33. Rfe1 g6 34. Rf1 gxf5 35. Rxf5 Nd6 36. Rxe7+ Rxe7 37. Rf1 Kg7 38. Kg2 Ne4 39. Rf3 Kg6 40. g4 Kg7 41. Rh3 Re8 42. Kf3 Bd6 43. Rh5 a5 44. h4 gxh4 45. Rxh4 b4 46. c4 Kg8 47. cxd5 cxd5 48. Rh5 Ng5+ 49. Bxg5 fxg5 50. Rxg5+ Kf8 51. Rxd5 Be7 52. Bc4 a4 53. Kf4 Rc8 54. Rf5+ Kg7 55. b3 axb3 56. axb3 Bf6 57. Rd5 Rf8 58. Rd7+ Kh6 59. d5 Bc3+ 60. Ke4 Kg5 61. d6 Kxg4 62. Kd5 Kf5 63. Kc6 Kf6 64. Rh7 Kg6 65. Bd3+ Kg5 66. d7 Bf6 67. Rh1 Bd8 68. Rg1+ Kh4 69. Re1 Rf6+ 70. Kd5 Rf7 71. Bb5 Rf5+ 72. Re5 Rxe5+ 73. Kxe5 Kg5 74. Bd3 Kh6 75. Ke6 Kg7 76. Be2 Kf8 77. Kd6 Kf7 78. Bg4 Kf6 79. Kc6 Ke5 80. Bh3 Kf6 81. Kd6 Kf7 82. Kc5 Be7+ 83. Kc4 Kf6 84. Bg4 Kf7 85. Kb5 Kf6 86. Bf3 Ke6 87. Bg4+ Kf6 88. Ka5 Kf7 89. Kb6 Bd8+ 90. Kc5 Be7+ 91. Kd5 Kf6 92. Be6 Bd8 93. Kd6 Be7+ 94. Kd5 Bd8 95. Bg4 Kf7 96. Bh5+ Ke7 97. Be8 Bc7 98. Kc6 Bg3 99. Kc5  1/2-1/2

[Event "Skakligaen"]
[Site "Danmark"]
[Date "2019.03.17"]
[Round "9.1"]
[White "Banusz, Tamas"]
[Black "Glud, Jakob Vang"]
[Result "1-0"]
[WhiteElo "2614"]
[BlackElo "2551"]
[EventDate "2018.10.27"]
[EventType "team-tourn"]
[EventRounds "9"]
[EventCountry "Danmark"]
[WhiteTeam "Koge"]
[BlackTeam "Aarhus/Skolerne"]
[WhiteTeamCountry "DEN"]
[BlackTeamCountry "DEN"]
[WhiteFideId "722413"]
[BlackFideId "1407767"]

1. Nf3 d5 2. g3 Bg4 3. Bg2 c6 4. O-O Nd7 5. d3 e6 6. c4 Bxf3 7. Bxf3 dxc4 8. d4 Ngf6 9. Nd2 Nb6 10. e3 Bb4 11. Qc2 Bxd2 12. Bxd2 O-O 13. a4 a5 14. b3 cxb3 15. Qxb3 Nfd7 16. Rab1 Re8 17. Rfd1 Qe7 18. e4 e5 19. Be3 Qb4 20. dxe5 Qxb3 21. Rxb3 Nc4 22. Rxd7 Nxe5 23. Rbxb7 Nxf3+ 24. Kg2 Ne5 25. Rdc7 Rac8 26. Bd4 Rxc7 27. Rxc7 g5 28. f4 gxf4 29. gxf4 Nd3 30. Kf3 h5 31. e5 Rd8 32. Bb6 Rb8 33. Rxc6 Nb2 34. Bxa5 Nxa4 35. Ke4 Rb5 36. Rc8+ Kh7 37. Bd8 Nc5+ 38. Kf5 Ne6 39. Bf6 Ng7+ 40. Bxg7 Kxg7 41. Rc3 Rb6 42. Rg3+ Kh6 43. h4 Ra6 44. Rd3 Kg7 45. Rd6 Ra8 46. Kg5 Rh8 47. Rd7  1-0

[Event "Skakligaen"]
[Site "Danmark"]
[Date "2019.03.17"]
[Round "9.2"]
[White "Hagen, Andreas Skytte"]
[Black "Papp, Gabor"]
[Result "0-1"]
[WhiteElo "2367"]
[BlackElo "2599"]
[EventDate "2018.10.27"]
[EventType "team-tourn"]
[EventRounds "9"]
[EventCountry "Danmark"]
[WhiteTeam "Aarhus/Skolerne"]
[BlackTeam "Koge"]
[WhiteTeamCountry "DEN"]
[BlackTeamCountry "DEN"]
[WhiteFideId "1407341"]
[BlackFideId "718602"]

1. e4 c5 2. Nf3 d6 3. d4 cxd4 4. Nxd4 Nf6 5. Nc3 Nc6 6. Bg5 e6 7. Qd2 a6 8. O-O-O Bd7 9. f4 b5 10. Bxf6 gxf6 11. Kb1 Qb6 12. Nxc6 Bxc6 13. f5 Qc5 14. Bd3 h5 15. fxe6 fxe6 16. Rhf1 b4 17. Ne2 Bh6 18. Qe1 Ke7 19. Nf4 Bxf4 20. Rxf4 Rhf8 21. Qh4 Qg5 22. Qf2 Qc5 23. Qh4 Qe5 24. Rdf1 a5 25. Be2 a4 26. Qxh5 a3 27. Qxe5 dxe5 28. Rh4 Rh8 29. Rxh8 Rxh8 30. Bf3 Rxh2 31. bxa3 bxa3 32. Kc1 Rh8 33. Re1 Ra8 34. Re3 Ra4 35. Kd2 Kd6 36. Kc3 Rd4 37. Kb3 Ba4+ 38. Kxa3 Bxc2 39. Kb2 Ba4 40. Kc3 Bc6 41. Kc2 Ba4+ 42. Kc3 Bb5 43. Be2 Bc6 44. Bd3 Ra4 45. Bc4 f5 46. exf5 exf5 47. g3 Ra7 48. Bb3 Ra8 49. Kc4 Bd5+ 50. Kc3 Rc8+ 51. Kd2 e4 52. a4 Rh8 53. Bxd5 Kxd5 54. Rb3 Rh2+ 55. Ke3 Rg2 56. Rb5+ Ke6 57. Kf4 Rf2+ 58. Ke3 Rf3+ 59. Kd4 Rd3+ 60. Kc4 Rxg3 61. Rb1 Ke5 62. Ra1 f4 63. a5 f3 64. a6 Rg8 65. Kc3 f2 66. Rf1 e3 67. Kd3 Kf4 68. a7 Rd8+  0-1

[Event "Skakligaen"]
[Site "Danmark"]
[Date "2019.03.17"]
[Round "9.3"]
[White "David, Alberto"]
[Black "Skytte, Rasmus"]
[Result "1/2-1/2"]
[WhiteElo "2559"]
[BlackElo "2372"]
[EventDate "2018.10.27"]
[EventType "team-tourn"]
[EventRounds "9"]
[EventCountry "Danmark"]
[WhiteTeam "Koge"]
[BlackTeam "Aarhus/Skolerne"]
[WhiteTeamCountry "DEN"]
[BlackTeamCountry "DEN"]
[WhiteFideId "4000013"]
[BlackFideId "1404210"]

1. e4 d6 2. d4 Nf6 3. f3 d5 4. Nc3 e6 5. e5 Ng8 6. f4 Nh6 7. Nf3 b6 8. Bd2 Be7 9. Bd3 c5 10. O-O Nc6 11. b3 Nb4 12. Bb5+ Bd7 13. Bxd7+ Qxd7 14. Ne2 Nc6 15. c3 O-O 16. Kh1 f6 17. exf6 Bxf6 18. Be3 Nf5 19. Bf2 cxd4 20. cxd4 Nd6 21. Nc3 Ne4 22. Qe1 Nxf2+ 23. Qxf2 Rac8 24. Qe3 Be7 25. Rad1 h6 26. Rfe1 Bb4 27. Rd3 Rfe8 28. Re2  1/2-1/2

[Event "Skakligaen"]
[Site "Danmark"]
[Date "2019.03.17"]
[Round "9.4"]
[White "Sorensen, Jan"]
[Black "Brunello, Sabino"]
[Result "1/2-1/2"]
[WhiteElo "2393"]
[BlackElo "2538"]
[EventDate "2018.10.27"]
[EventType "team-tourn"]
[EventRounds "9"]
[EventCountry "Danmark"]
[WhiteTeam "Aarhus/Skolerne"]
[BlackTeam "Koge"]
[WhiteTeamCountry "DEN"]
[BlackTeamCountry "DEN"]
[WhiteFideId "1400150"]
[BlackFideId "813613"]

1. e4 c5 2. Nf3 e6 3. Nc3 Nc6 4. Be2 Nf6 5. O-O b6 6. d4 cxd4 7. Nxd4 Bb7 8. Nxc6 dxc6 9. e5 Nd7 10. f4 Qc7 11. Qe1 Be7 12. Be3 O-O 13. Rd1 Rfd8 14. Qg3 Nf8 15. Bd3 Ng6 16. f5 exf5 17. Rxf5 Bc8 18. Rxf7 Be6 19. Rff1 Qxe5 20. Bxg6 Qxg3 21. Bxh7+ Kxh7 22. hxg3 Rxd1 23. Rxd1 Bf5 24. Ne2 Bxc2 25. Rd7 Re8 26. Rxa7 c5 27. b3 Bf6 28. Kf2 Be4 29. Nf4 Ra8 30. Rxa8 Bxa8 31. Ne6 Kg6 32. g4 Kf7 33. g5 Be5 34. Nf4 Be4 35. Ke2 Ke7 36. Nd3 Bc7 37. g4 Kd7 38. Kd2 Kc6 39. Kc3 Bd6 40. a4 b5  1/2-1/2

[Event "Skakligaen"]
[Site "Danmark"]
[Date "2019.03.17"]
[Round "9.5"]
[White "Chatalbashev, Boris"]
[Black "Vinter Schou, Uffe"]
[Result "0-1"]
[WhiteElo "2525"]
[BlackElo "2357"]
[EventDate "2018.10.27"]
[EventType "team-tourn"]
[EventRounds "9"]
[EventCountry "Danmark"]
[WhiteTeam "Koge"]
[BlackTeam "Aarhus/Skolerne"]
[WhiteTeamCountry "DEN"]
[BlackTeamCountry "DEN"]
[WhiteFideId "2900440"]
[BlackFideId "1400568"]

1. d4 Nf6 2. c4 e6 3. Nc3 Bb4 4. Nf3 c5 5. g3 Ne4 6. Qc2 Qa5 7. Qxe4 Bxc3+ 8. Bd2 Bxd2+ 9. Nxd2 Nc6 10. dxc5 b6 11. Bg2 Bb7 12. Qf4 bxc5 13. Qd6 Nd8 14. Bxb7 Nxb7 15. Qd3 O-O 16. O-O Rad8 17. e4 Qb6 18. Rfd1 Na5 19. Nb3 d6 20. Nxa5 Qxa5 21. Rd2 Rd7 22. Rad1 Rfd8 23. b3 Qb6 24. h4 Qc6 25. Qe3 h6 26. Rd3 a5 27. a4 Kf8 28. h5 Qb6 29. Qf4 Qc6 30. f3 Ke7 31. Kg2 Kf8 32. Kf2 Kg8 33. Qe3 Kf8 34. Ke2 Kg8 35. Qd2 Qc7 36. Kf2 Qb6 37. Kg2 Kf8 38. Qc3 Qc7 39. Kf2 Qb6 40. Ke2 Qc7 41. R1d2 Kg8 42. Kd1 Qb6 43. Kc2 Qc7 44. Kb2 Qb6 45. Ka2 Qc7 46. f4 Qc6 47. Re3 Qb6 48. g4 Qb4 49. Qc2 f6 50. Red3 Qb6 51. g5 hxg5 52. fxg5 fxg5 53. Rg3 Rf8 54. Rxg5 Qd8 55. Rdg2 Rf6 56. Qd2 Qc7 57. Qc3 Rdf7 58. Qg3 Qe7 59. Ka3 Qf8 60. Qg4 Qe7 61. e5 Rf5 62. Rg6 Qb7 63. Qg3 Rf3 64. Qxf3 Rxf3 65. Rb2 Qb4+ 66. Ka2 Qe1 67. h6 Rf1 68. Rxg7+ Kh8 69. Ka3 Qa1+ 70. Ra2 Qc1+ 71. Rb2 Rf2  0-1

[Event "Skakligaen"]
[Site "Danmark"]
[Date "2019.03.17"]
[Round "9.6"]
[White "Christensen, Tobias"]
[Black "Danielsen, Henrik"]
[Result "1/2-1/2"]
[WhiteElo "2351"]
[BlackElo "2493"]
[EventDate "2018.10.27"]
[EventType "team-tourn"]
[EventRounds "9"]
[EventCountry "Danmark"]
[WhiteTeam "Aarhus/Skolerne"]
[BlackTeam "Koge"]
[WhiteTeamCountry "DEN"]
[BlackTeamCountry "DEN"]
[WhiteFideId "1400673"]
[BlackFideId "1400185"]

1. d4 d6 2. Nf3 Nf6 3. c4 Nbd7 4. g3 e5 5. Bg2 Be7 6. O-O O-O 7. Nc3 c6 8. a4 a5 9. b3 Re8 10. e3 Bf8 11. Qc2 g6 12. Ba3 exd4 13. exd4 Nb6 14. Rfe1 Bf5 15. Qd2 Qd7 16. Nh4 Bh3 17. Rxe8 Rxe8 18. Re1 Rxe1+ 19. Qxe1 Bxg2 20. Kxg2 Qe6 21. Nf3 Qxe1 22. Nxe1 d5 23. Bxf8 Kxf8 24. c5 Na8 25. f3 Nc7 26. Kf2 Ne6 27. Ke3 Nh5 28. Nd3 Nhg7 29. g4 f6 30. Ne2 Ke7 31. Nef4 Nc7 32. Ne2 Kf7 33. h3 h5 34. Ng3 Nce6 35. f4 hxg4 36. hxg4 Ke7 37. Ne2 g5 38. f5 Nd8 39. Nf2 Nf7 40. Ng3 Ne8 41. Kd2 Nc7 42. Nf1 Na6 43. Nd3 Kd7 44. Ne3 Nh6  1/2-1/2

[Event "Skakligaen"]
[Site "Danmark"]
[Date "2019.03.17"]
[Round "9.7"]
[White "Antonsen, Mikkel"]
[Black "Ochsner, Thomas"]
[Result "1/2-1/2"]
[WhiteElo "2435"]
[BlackElo "2261"]
[EventDate "2018.10.27"]
[EventType "team-tourn"]
[EventRounds "9"]
[EventCountry "Danmark"]
[WhiteTeam "Koge"]
[BlackTeam "Aarhus/Skolerne"]
[WhiteTeamCountry "DEN"]
[BlackTeamCountry "DEN"]
[WhiteFideId "1401378"]
[BlackFideId "1400711"]

1. d4 Nf6 2. c4 e6 3. Nf3 b6 4. g3 Bb7 5. Bg2 Be7 6. O-O O-O 7. Re1 Qc8 8. Nc3 Ne4 9. Bf4 Bf6 10. Qc2 Nxc3 11. bxc3 d6 12. e4 Nd7 13. e5 dxe5 14. dxe5 Be7 15. h4 Rd8 16. Ng5 Bxg5 17. Bxg5 Re8 18. Bxb7 Qxb7 19. Rad1 Nf8 20. Rd4 Qf3 21. Re3 Qf5 22. Qd1 c5 23. Rf4 Qg6 24. Bf6 Qh6 25. Bg5 Qg6 26. Bf6 Qh6 27. Bg5  1/2-1/2

[Event "Skakligaen"]
[Site "Danmark"]
[Date "2019.03.17"]
[Round "9.8"]
[White "Sobjerg, Erik"]
[Black "Percivaldi, Martin"]
[Result "1/2-1/2"]
[WhiteElo "2266"]
[BlackElo "2389"]
[EventDate "2018.10.27"]
[EventType "team-tourn"]
[EventRounds "9"]
[EventCountry "Danmark"]
[WhiteTeam "Aarhus/Skolerne"]
[BlackTeam "Koge"]
[WhiteTeamCountry "DEN"]
[BlackTeamCountry "DEN"]
[WhiteFideId "1401866"]
[BlackFideId "1508148"]

1. e4 c5 2. Nf3 e6 3. Nc3 a6 4. d4 cxd4 5. Nxd4 Qc7 6. f4 b5 7. Bd3 Bb7 8. Qe2 Bc5 9. Nf3 Nc6 10. Be3 Bxe3 11. Qxe3 d6 12. e5 Nge7 13. O-O-O d5 14. Kb1 Na5 15. Nd4 Nc4 16. Qe1 Qb6 17. Bxc4 dxc4 18. Ne4 Bxe4 19. Qxe4 O-O 20. Nf3 Nf5 21. g4 Qe3 22. Rhe1 Rad8 23. Rxd8 Rxd8 24. a3 Qxe4 25. Rxe4 Rd1+ 26. Ka2 Rf1 27. Ng5 h6 28. gxf5 exf5 29. e6 fxe6 30. Rxe6 hxg5 31. fxg5 Kf7 32. Rxa6 f4 33. g6+ Ke7 34. a4 bxa4 35. Rxa4 c3 36. bxc3 Kf6 37. c4 Kxg6 38. c5 Kf6 39. c6 Re1 40. Rxf4+ Ke7 41. Rd4 Re2 42. Kb3 Rxh2 43. Rd7+ Ke8 44. Rxg7 Kd8 45. c4 Rh6 46. c7+ Kc8 47. Kb4 Rb6+ 48. Kc5 Rc6+ 49. Kd5 Rh6 50. c5 Rh5+ 51. Kc6 Rh6+ 52. Kb5 Rf6 53. c6 Rf5+ 54. Kb6 Rb5+ 55. Kxb5  1/2-1/2